A Textbook of Civil Engineering Materials : Type, Properties, Testing and Usage / (Record no. 2026)
[ view plain ]
| 000 -LEADER | |
|---|---|
| fixed length control field | 00429 a2200133 4500 |
| 040 ## - CATALOGING SOURCE | |
| Transcribing agency | DLC |
| 082 ## - DEWEY DECIMAL CLASSIFICATION NUMBER | |
| Classification number | 620.11 |
| Author Mark | ARO |
| 100 ## - MAIN ENTRY--PERSONAL NAME | |
| Personal name | Arora, S. P. |
| 9 (RLIN) | 35394 |
| 245 ## - TITLE STATEMENT | |
| Title | A Textbook of Civil Engineering Materials : Type, Properties, Testing and Usage / |
| Statement of responsibility, etc. | S. P. Arora |
| 260 ## - PUBLICATION, DISTRIBUTION, ETC. | |
| Place of publication, distribution, etc. | New Delhi : |
| Name of publisher, distributor, etc. | Dhanpat Rai Publications, |
| Date of publication, distribution, etc. | 2007 |
| 300 ## - PHYSICAL DESCRIPTION | |
| Extent | various Pages |
| Other physical details | ill. ; |
| Dimensions | 24 cm |
| 650 ## - SUBJECT ADDED ENTRY--TOPICAL TERM | |
| Topical term or geographic name entry element | Civil Engineering Materials |
| 9 (RLIN) | 35395 |
| 942 ## - ADDED ENTRY ELEMENTS (KOHA) | |
| Source of classification or shelving scheme | |
| Koha item type | Book |
| Withdrawn status | Lost status | Source of classification or shelving scheme | Damaged status | Not for loan | Permanent Location | Current Location | Date acquired | Total Checkouts | Full call number | Barcode | Date last seen | Date last checked out | Price effective from | Koha item type |
|---|---|---|---|---|---|---|---|---|---|---|---|---|---|---|
| Military College of Engineering (MCE) | Military College of Engineering (MCE) | 07/30/2021 | 624.18 ARO | MCE-51524 | 07/30/2021 | 07/30/2021 | Book | |||||||
| School of Civil and Environmental Engineering (SCEE) | School of Civil and Environmental Engineering (SCEE) | 09/25/2019 | 5 | 620.11 ARO | NIT-6461 | 12/27/2025 | 12/09/2025 | 01/05/2017 | Book |
